000 00489nam a2200181Ia 4500
008 090124s9999 xx 000 0 und d
082 _b122439
100 _aओक जनार्दन.
245 _a दि अेस्केप
250 _a1
260 _c1987
300 _a160
600 _aओक जनार्दन.
630 _a दि अेस्केप
700 _aओक जनार्दन.
730 _a दि अेस्केप
942 _cBOOK
999 _c168525
_d168525